000
00332pam a2200157a 44500
008
230515b1901 xxu||||| |||| 00| 0 eng d
020
_a
NULL
041
_a
ENGLISH
082
_a
N.D.
100
_a
NULL
245
_a
E/ T Syllabus Sem I To VIII
250
_a
0
260
_a
NULL
_b
Xerox
_c
1901
300
_a
1
650
_a
NULL
999
_c
574381
_d
574381